Lohnkostenzuschüsse Ökonomische Effizienz und gesellschaftliche Akzeptanz

Salvato in:
Dettagli Bibliografici
Autore principale: Klodt, Henning
Natura: Libro
Lingua:tedesco
Pubblicazione: Kiel Institut für Weltwirtschaft 1996
Edizione:1. Aufl.
Serie:Kieler Arbeitspapier Nr. 715
Soggetti:
Tags: Aggiungi Tag
Nessun Tag, puoi essere il primo ad aggiungerne!!

MARC

LEADER 00000nam a2200000 4500
001 c014219
005 20221214071312.4
041 0 |a ger 
044 |a DE 
245 1 0 |a Lohnkostenzuschüsse  |b Ökonomische Effizienz und gesellschaftliche Akzeptanz  |c Henning Klodt 
250 |a 1. Aufl. 
264 1 |a Kiel  |b Institut für Weltwirtschaft  |c 1996 
300 |a 22 s. 
490 1 |a Kieler Arbeitspapier  |v Nr. 715 
830 0 |a Kieler Arbeitspapier  |v Nr. 715 
610 2 0 |a mzdy 
610 2 0 |a subvencie 
610 2 0 |a náklady mzdové 
610 2 0 |a efektívnosť ekonomická 
610 2 0 |a trh práce 
610 2 0 |a kvalifikácia 
610 2 0 |a príplatky 
610 2 0 |a rovnováha 
610 2 0 |a spoločnosť 
610 2 0 |a Nemecko 
100 1 |a Klodt, Henning